Responses for show #4133 - Wednesday, July 17, 2002

Contestants

Jacque Keller, a consultant from Dallas, Texas

Amy Ellis, a pharmacologist from Rockville, Maryland

Beth Milnes, a legal secretary from Venice, California (whose 1-day cash winnings total $19,400)

Jeopardy! Round responses

THE NORTHERNMOST NATION
(Alex: We'll have some clues from FBI Headquarters in Washington in...)
THE FBI
CELEBRITIES
GONE FISHING
"POUND" SIGN
WORD & PHRASE ORIGINS
    $200 12
Denmark

Jacque
    $200 11
J. Edgar Hoover

Beth
    $200 17
Walter Matthau

Jacque
    $200 23
salmon

Amy
    $200 1
pound cake

Beth
    $200 6
(Alex: Yeah, makes you not want to eat [*] any more, doesn't it?)

lasagna

Beth
    $400 13
Iran

Jacque
    $400 19
bugs (or wiretaps)

Amy
    $400 18
Kirk Douglas

Amy
    $400 24
(Amy: What are eels?)

catfish

Amy
Triple Stumper
    $400 2
a pound of flesh

Amy
    $400 7
Hinduism

Amy
    $600 14
Kazakhstan

Amy
    $600 20
the Attorney General

Beth
    $600 26
Sean Connery

Beth
    $600 25
(Alex: We have a minute to go, Amy.)

migrate south

Triple Stumper
    $600 3
the Pound Puppies

Amy
    $600 8
papier-mâché

Amy
    $800 15
Estonia

Beth
    $800 21
ecoterrorism

Beth
    $800 27
Debra WInger

Beth
    $800 29
goldfish

Amy
    $800 4
Ezra Pound

Beth
    $800 9
(Jacque: What is Russia?)

Arabic

Jacque
Triple Stumper
    $1000 16
(Jacque: What is Bolivia?)

Peru

BethJacque
    $1000 22
Criminal Justice Information Services

Amy
    $1000 28
Peter Falk

Jacque
    $1000 30
the sturgeon

Triple Stumper
    $1000 5
foot-pounts

Triple Stumper
    $1,000 10
Tobacco Road

Amy

Scores at the first commercial break (after clue 16):

Beth Amy Jacque
$3,200 $3,600 -$1,200

Scores at the end of the Jeopardy! Round:

Beth Amy Jacque
$6,000 $6,000 $0

Double Jeopardy! Round responses

WILSON'S 14 POINTS
(Alex: Remember those? From American history?)
CALIFORNIA PROPERTY
FORMER APPRENTICES
ALBUM OF THE YEAR GRAMMY WINNERS
ENGLISH LITERATURE
"AV" A NICE DAY
    $400 16
France

Jacque
    $400 21
666

Beth
    $400 11
Hershey

Jacque
    $400 26
Paul Simon

Amy
    $400 1
The Hobbit

Amy
    $400 6
an avocado

Jacque
    $800 17
the Ottoman Empire

Beth
    $800 22
Berkeley

Beth
    $800 12
a sewing machine

Amy
    $800 27
Jagged Little Pill

Amy
    $800 2
A Room with a View

Amy
    $800 7
an avocation

Jacque
    $1200 18
Russia

Beth
    $1200 23
Big Sur

Amy
    $1,500 13
a blacksmith

Amy
    $1200 28
O Brother, Where Art Thou?

Triple Stumper
    $1200 3
(Henry) Fielding

Amy
    $1200 8
avuncular

Beth
    $5,000 19
the Balkan nations

Beth
    $1600 24
Harold Lloyd

Beth
    $1600 14
a tailor

Jacque
    $1600 29
Celine Dion

Triple Stumper
    $1600 4
Vanity Fair

Jacque
    $1600 9
avarice

Jacque
    $2000 20
the League of Nations

Beth
    $2000 25
Malibu

Beth
    $2000 15
Heinrich Schliemann

Triple Stumper
    $2000 30
Steely Dan

Triple Stumper
    $2000 5
Pilgrim's Progress

Jacque
    $2000 10
an avatar

Jacque

Scores at the end of the Double Jeopardy! Round:

Beth Amy Jacque
$21,000 $13,100 $10,800

[wagering suggestions for these scores]

Final Jeopardy! Round responses

CANADIAN SPORTS
(Alex: It added to its popularity following the Winter Olympics in Utah.)
JacqueWhat is curling?
$4,001
AmyWhat is curling?
$7,901
BethWhat is lacrosse?
$5,300
curling

Final scores:

Beth Amy Jacque
$15,700 $21,001 $14,801
2nd place: $2,000 New champion: $21,001 3rd place: $1,000

Game dynamics:

Coryat scores:

Beth Amy Jacque
$17,600 $12,800 $10,800
19 R
(including 1 DD),
0 W
19 R
(including 2 DDs),
1 W
13 R,
2 W

Combined Coryat: $41,200

The J! Archive is created by fans, for fans. The Jeopardy! game show and all elements thereof, including but not limited to copyright and trademark thereto, are the property of Jeopardy Productions, Inc. and are protected under law. This website is not affiliated with, sponsored by, or operated by Jeopardy Productions, Inc. Join the discussion at JBoard.tv.